000 00365nam a2200145Ia 4500
008 220217s9999||||xx |||||||||||||| ||und||
020 _a81-7808-528-3
082 _a621.381 GRE
100 _aGreen, D.C
_92919
245 0 _aDigital electronics
250 _a5th
260 _aPearson education asia
_bDelhi
_c1999
300 _b195
650 _aELECTRONICS
999 _c170263
_d170263